When they go low, we go high : speeches that shape the world and why we need them

Bibliographic Details
Main Author: Collins, Philip
Format: Book
Published: London : HarperCollins Publishers , 2017
Subjects:

MARC

LEADER 00000cam a2200000 7i4500
001 0000223320
005 20180717.0
020 |a 9780008235697 
090 0 0 |a 809.51   |b COL 
100 1 |a Collins, Philip 
245 1 0 |a When they go low, we go high :   |b speeches that shape the world and why we need them   |c Philip Collins 
260 |a London :   |b HarperCollins Publishers ,   |c 2017 
300 |a 426p. ;   |c 24 cm. 
650 0 |a Speeche, addresses, etc   |x history and criticism 
999 |a 00357676   |b BUKU   |c PINJAMAN   |e PERPUSTAKAAN KOMUNITI PETALING JAYA